000 00638nam a2200217Ia 4500
003 GCL
008 140319s9999 xx 000 0 eng d
020 _a9774248899
040 _aGCL /
_cGCL
082 0 4 _a791.45
_bL D
100 1 _aLILA ABU - LUGHOD
245 1 0 _aDRAMAS OF NATIONHOOD :
_bTHE POLITICS OF TELEVISION IN EGYPT /
_cLILA ABU - LUGHOD
260 _aالقاهرة :
_bTHE AMERICAN UNIVERSITY IN CAIRO PRESS ،
_c2005
300 _a20 CM ؛
_c319 P
650 0 4 _aMASS MEDIA
650 0 4 _aDRAMA
650 0 4 _aDRAMA IN EDUCATION
650 0 4 _aTELEVISION AND POLITICS
650 0 4 _aTELEVISION - EGYPT
942 _2ddc
_cBK
999 _c7438
_d7438